University Home | Library Home | Institutional Repository

The strategy, structure and financial performance of the service industry. (Record no. 23373)

MARC details
000 -LEADER
fixed length control field 00787cam1a220018100 4500
001 - CONTROL NUMBER
control field zam00005427
008 - FIXED-LENGTH DATA ELEMENTS--GENERAL INFORMATION
fixed length control field 970717n xx eng u
035 ## - SYSTEM CONTROL NUMBER
System control number (Sirsi) r135427
040 ## - CATALOGING SOURCE
Modifying agency UPRA
100 ## - MAIN ENTRY--PERSONAL NAME
Personal name Chann, Derek F.
Linkage A108251.1
245 14 - TITLE STATEMENT
Title The strategy, structure and financial performance of the service industry.
260 ## - PUBLICATION, DISTRIBUTION, ETC.
Place of publication, distribution, etc. Manchester :
Name of publisher, distributor, etc. Manchester Business School,
Date of publication, distribution, etc. 1975.
520 ## - SUMMARY, ETC.
Summary, etc. The research investigated the relationship between the corporate strategy, organizational structure and financial performance of the largest 100 service industry corporations in the United Kingdom.
650 #4 - SUBJECT ADDED ENTRY--TOPICAL TERM
Topical term or geographic name entry element Service Industry.
Linkage S77996.1
650 #4 - SUBJECT ADDED ENTRY--TOPICAL TERM
Topical term or geographic name entry element United Kingdom -- Management.
General subdivision United Kingdom -- Management.
Linkage S81187.1
949 10 - LOCAL PROCESSING INFORMATION (OCLC)
m INESOR
t BOOK
l ON-SHELF

No items available.

© 2026 - The University of Zambia Library - Koha v25.11